Systems simulation in agriculture /

Bibliographic Details
Main Author: Dent, J. B. (John Barry)
Other Authors: Blackie, M. J.
Format: Book
Language:English
Published: London : Applied Science Publishers, [1979]
Subjects:

MARC

Tag First Indicator Second Indicator Subfields
LEADER 00000cam a2200000 a 4500
001 in00000070006
005 20151008055939.0
008 790712s1979 enka b 00110 eng d
020 |a 0853348278 
035 |a (OCoLC)05163014 
035 |9 AAJ4791AM 
040 |a EEM  |c EEM  |d TXA  |d UtOrBLW 
049 |a TXAM  |c [1655233] 
090 |a S494.5.S5  |b D4 
100 1 |a Dent, J. B.  |q (John Barry) 
245 1 0 |a Systems simulation in agriculture /  |c J.B. Dent and M.J. Blackie ; with assistance from S.R. Harrison. 
264 1 |a London :  |b Applied Science Publishers,  |c [1979] 
264 4 |c ©1979 
300 |a x, 180 pages :  |b illustrations ;  |c 23 cm. 
336 |a text  |b txt  |2 rdacontent 
337 |a unmediated  |b n  |2 rdamedia 
338 |a volume  |b nc  |2 rdacarrier 
504 |a Includes bibliographies and index. 
650 0 |a Agriculture  |x Simulation methods. 
650 0 |a Agriculture  |x Data processing. 
650 0 |a System analysis. 
700 1 |a Blackie, M. J. 
999 |a MARS 
999 f f |s f1c61933-7c42-3cef-9450-df6e37fbdf95  |i 6ed991ec-38a2-382b-9c70-d82f0208292a  |t 0 
952 f f |p ric  |a Texas A&M University  |b Rellis Campus  |c Joint Library Facility  |d Remote Storage  |t 0  |e S494.5.S5 D4  |h Library of Congress classification  |i unmediated -- volume  |m A14806233739 
998 f f |a S494.5.S5 D4  |t 0  |l Remote Storage